000 00615nam a2200205Ii 4500
003 JO-AjNU
008 230605s9999||||xx |||||||||||||| ||und||
017 _a2002/5/1185
040 _aJO-AjNU
_bara
_erda
_cJO-AjNU
041 _aara
050 1 4 _aPJ7864.A252.K3 2002
100 3 _aطاهر،رياض,
_eauthor
_948920
245 0 0 _aكبش قرنفل
264 3 1 _aعمان: أمانة عمان الكبرى، 2002
300 _a155ص
336 _atext
_btxt
_2rdacontent
337 _aunmediated
_bn
_2rdamedia
338 _avolume
_bnc
_2rdacarrier
650 4 _aالشعر العربي - الأردن
_948921
999 _aA21455
_c25023
_d25023